Meranie výkonnosti v malom podniku diplomová práca

Guardado en:
Detalles Bibliográficos
Autor principal: Homoľová, Miroslava
Autor Corporativo: Podnikovohospodárska fakulta EU so sídlom v Košiciach. Katedra manažmentu
Otros Autores: Dubovická, Lenka
Formato: Libro
Lenguaje:eslovaco
Publicado: Košice 2009
Etiquetas: Agregar Etiqueta
Sin Etiquetas, Sea el primero en etiquetar este registro!

MARC

LEADER 00000nam$a2200000$$$4500
001 0098950
005 20240318131053.6
041 0 |a slo 
044 |a SK 
245 1 0 |a Meranie výkonnosti v malom podniku  |b diplomová práca  |c Miroslava Homoľová ; škol. Lenka Dubovická 
264 1 |a Košice  |c 2009 
300 |a 96 s. 
100 1 |a Homoľová, Miroslava 
700 1 |a Dubovická, Lenka 
710 2 |a Podnikovohospodárska fakulta EU so sídlom v Košiciach. Katedra manažmentu